1020 1903 1153 1763 1243 1640 1641 1575 1136 1288 1268 1334 1668 1946 1681 1414 1381 1647 1971 1992 1279 1315 1626 1267 1168 1308 1779 1962 1326 1804 1446 1709 1533 1362 1766 1717 1984 1964 1921 1373 1787 1526 1323 1013 1395 1657 1033 1669 1721 1070 1384 1530 1819 1979 1726 1829 1032 1078 1844 1004 1909 1080 1026 1510 1780 1233 1367 1532 1258 1926 1862 1496 1110 1249 1667 1191 1916 1518 1020 1688 1608 1965 1685 1161 1007 1926 1843 1763 1997 1906 1266 1239 1369 1123 1786 1190 1732 1369 1652 BCNSPRNW ULIB Ver.6.0+V

เปลี่ยนเป็นภาษาไทย

Change to English
 แสดงรายละเอียดบรรณานุกรม
  กลับหน้าหลัก

Brief Record : Get Marc (ISO 2709) : E-mail record : QR code < ปิดหน้าต่าง
LEADER : 00000nam 2200000uu 4500
001    13399123188
003     ULIB
008    020711s2550 th a 000 0 tha d
020    9789747513196
020    9747513196
050    TK5105.5^bล831ร
100    Kenneth C. Laudon
245    ระบบสารสนเทศเพื่อการจัดการ =^bManagement information systems : managing the digital firm /^cโดย Kenneth C. Laudon, Jane P. Laudon ; แปลและเรียบเรียง สัลยุทธ์ สว่างวรรณ
260    กรุงเทพฯ :^bซีเอ็ด,^c2550
300    503 หน้า
650    การจัดการ
700    Jane P. Laudon
700    สัลยุทธ์ สว่างวรรณ,^eแปลและเรียบเรียง
945    ^p498^l0^i20326
945    ^p498^l0^i20327
รายการนี้ยังไม่มีแท็ก
คุณยังไม่ได้ล็อกอิน คุณสามารถมีกิจกรรมร่วมกับเว็บไซต์ได้ แต่ต้องล็อกอินก่อน ::
  ล็อกอิน

รายการสื่อสารสนเทศ

ลำดับที่ ประเภท เลขเรียก/บาร์โค้ด สถานที่ สถานะ
1. การศึกษาทั่วไป
การศึกษาทั่วไป
TK5105.5 ล831ร ฉ.1 
  Barcode: 20326
ห้องสมุดวิทยาเขตนครสวรรค์
►หนังสือทั่วไป:l:General Books
บนชั้น
2. การศึกษาทั่วไป
การศึกษาทั่วไป
TK5105.5 ล831ร ฉ.2 
  Barcode: 20327
ห้องสมุดวิทยาเขตนครสวรรค์
►หนังสือทั่วไป:l:General Books
บนชั้น

รายการใกล้เคียง
    หัวเรื่อง [การจัดการ]

BibComment


ยังไม่เคยถูกคอมเมนท์

คอมเมนท์ทรัพยากรรายการนี้
  คอมเมนท์: ระบบสารสนเทศเพื่อ..


 Copyright 2026. Bcnsprnw @Library